Datum a čas kvízu
35
Celkem bodů
Celkový počet nahraných bodů na tomto kvízu bez doplňovacích otázek.
3.
Pořadí na kvízu
Konečné umístění týmu na tomto kvízu.
Zaznamenané odpovědi
| # | Otázka | Odpověď | Body | Výsledky |
|---|---|---|---|---|
| 1. | Již pošestnácté připravilo měs... | 28 Kč | 1 | |
| 2. | Která celosvětově používaná mo... | 0 | ||
| 3. | Do Prahy se po šesti letech vr... | The Cure | 1 | |
| 4. | Organizátoři pátečního protest... | Ferdinand Vaněk | 1 | |
| 5. | Jedna z hokejových legend vysl... | Robert Reichel | 0 | |
| 6. | Závěrem října se ve velké část... | Samhain | 1 | |
| 7. | Opomenout slavný horror Hallow... | Michael Myers, John Carpenter | 1 | |
| 8. | K svátku Halloween patří neodm... | patizon, cuketa (cukína) | 0.5 | |
| 9. | Svítilny, které se při oslavác... | Jack-o'-lantern | 1 | |
| 10. | Halloween rády slaví i celebri... | Heidi Klum | 1 |